00649nam a2200169 4500001000700000003000900007007000300016008004100019100004500060245011800105260003100223300002200254700003200276852003100308999001900339952012100358114143ES-MaACLt|061121s1975 sp r ||||1| spa d1 aPalomeque López, Manuel Carlos.98868713aLa nulidad parcial del contrato de trabajo / cManuel Carlos Palomeque López ; prólogo de Manuel Alonso Olea. aMadrid : bTecnos, c1975. a260 p. ; c21 cm.1 aAlonso Olea, Manuel.920374 aES-MaACLjE-6885 bR.91475 c114143d114143 00104070aATENEOMbATENEOMcDEPO2d2008-01-17eSCl0oE-6885p1119039r2023-02-23 00:00:00w2023-02-23yMONOGRAFIA